[Event "BL2-West 1011"]
[Site "Germany"]
[Date "2011.02.06"]
[Round "6.8"]
[White "Backwinkel, Paul"]
[Black "Kyas, Marcel"]
[Result "1-0"]
[WhiteElo "2333"]
[BlackElo "2129"]
[PlyCount "125"]
[EventDate "2010.10.10"]
[EventType "team-tourn"]
[EventRounds "9"]
[EventCountry "GER"]
[SourceTitle "EXT 2012"]
[Source "ChessBase"]
[SourceDate "2011.11.24"]
[SourceVersion "1"]
[SourceVersionDate "2011.11.24"]
[SourceQuality "1"]
[WhiteTeam "Bochum 31"]
[BlackTeam "Solingen Aljechin II"]
[WhiteTeamCountry "GER"]
[BlackTeamCountry "GER"]

1. d4 d5 2. c3 Nf6 3. Bg5 Nbd7 4. e3 h6 5. Bh4 e6 6. Nd2 c5 7. f4 Be7 8. Bd3 b6 9. Ngf3 Bb7 10. Ne5 0-0 11. Qf3 Ne4 12. Bxe7 Nxd2 13. Bxd8 Nxf3+ 14. Nxf3 Raxd8 15. 0-0-0 c4 16. Bc2 b5 17. g4 f6 18. h4 e5 19. Bg6 e4 20. Nd2 Bc6 21. Nf1 Nb6 22. Ng3 Be8 23. h5 a5 24. Nf5 Nc8 25. Kd2 Bd7 26. b3 Bxf5 27. Bxf5 Nb6 28. Rb1 Rd6 29. Ke2 Rb8 30. Rb2 b4 31. cxb4 axb4 32. Ra1 c3 33. Rc2 Ra8 34. a3 Nc8 35. Bxc8 Rxc8 36. axb4 Rb6 37. Rac1 Rxb4 38. Rxc3 Rcb8 39. Rc8+ Kh7 40. Rxb8 Rxb8 41. Rc3 Rb7 42. f5 Ra7 43. Kd2 Ra2+ 44. Rc2 Ra1 45. b4 Rb1 46. Kc3 Re1 47. b5 Rxe3+ 48. Kb4 Rd3 49. Kc5 e3 50. Kxd5 Rd2 51. Rc3 e2 52. Re3 Rb2 53. Kc6 Kg8 54. b6 Kf7 55. b7 Rc2+ 56. Kd7 Rb2 57. Kc8 Rc2+ 58. Kb8 Rd2 59. d5 Rc2 60. d6 Rb2 61. d7 Rd2 62. Rxe2 Rxd7 63. Kc8 1-0

[Event "GER-chT U20"]
[Site "Osnabrueck"]
[Date "2010.12.29"]
[Round "6.1"]
[White "Kyas, Marcel"]
[Black "Lubbe, Melanie"]
[Result "1/2-1/2"]
[WhiteElo "2154"]
[BlackElo "2281"]
[PlyCount "48"]
[EventDate "2010.12.27"]
[EventType "team-swiss"]
[EventRounds "7"]
[EventCountry "GER"]
[SourceTitle "CBM 140 Extra"]
[Source "ChessBase"]
[SourceDate "2011.03.01"]
[SourceVersion "1"]
[SourceVersionDate "2011.03.01"]
[SourceQuality "1"]
[WhiteTeam "Salzgitter"]
[BlackTeam "Leipzig Gohlis"]
[WhiteTeamCountry "GER"]
[BlackTeamCountry "GER"]

1. d4 Nf6 2. c4 c5 3. d5 b5 4. cxb5 a6 5. bxa6 Bxa6 6. Nc3 g6 7. g3 d6 8. Bg2 Bg7 9. Nf3 0-0 10. 0-0 Nbd7 11. Rb1 Ng4 12. Qc2 Qa5 13. Bd2 Nge5 14. Nxe5 Nxe5 15. b3 Rfb8 16. a4 Qc7 17. Rfe1 Rb6 18. a5 Rb7 19. Na4 Nd7 20. Nb2 Rab8 21. Nc4 Rb5 22. Na3 R5b7 23. Nc4 Ne5 24. Nb6 Nd7 1/2-1/2

[Event "GER-chT U20"]
[Site "Osnabrueck"]
[Date "2010.12.28"]
[Round "4.1"]
[White "Kyas, Marcel"]
[Black "Mons, Leon"]
[Result "1/2-1/2"]
[WhiteElo "2154"]
[BlackElo "2221"]
[PlyCount "146"]
[EventDate "2010.12.27"]
[EventType "team-swiss"]
[EventRounds "7"]
[EventCountry "GER"]
[SourceTitle "CBM 140 Extra"]
[Source "ChessBase"]
[SourceDate "2011.03.01"]
[SourceVersion "1"]
[SourceVersionDate "2011.03.01"]
[SourceQuality "1"]
[WhiteTeam "Salzgitter"]
[BlackTeam "Forchheim"]
[WhiteTeamCountry "GER"]
[BlackTeamCountry "GER"]

1. Nf3 Nf6 2. c4 e6 3. g3 d5 4. d4 Bb4+ 5. Bd2 Bd6 6. Bg2 0-0 7. 0-0 Ne4 8. Bf4 Bxf4 9. gxf4 b6 10. cxd5 exd5 11. Nc3 Bb7 12. Rc1 Nd7 13. Qb3 Ndf6 14. Rfd1 Qe7 15. Ne5 Rfd8 16. Qc2 c5 17. Nxe4 Nxe4 18. f3 Nd6 19. dxc5 bxc5 20. Qxc5 Rac8 21. Qf2 f6 22. Nd3 Nc4 23. b3 Ne3 24. Rxc8 Rxc8 25. Rc1 Rxc1+ 26. Nxc1 Qc5 27. Nd3 Qd4 28. h3 Ba6 29. Nb4 Qd1+ 30. Kh2 Qxe2 31. Qxe2 Bxe2 32. Kg1 d4 33. Kf2 Bb5 34. a4 Bd7 35. Nd3 Bf5 36. Nc5 Nd5 37. Bf1 Nxf4 38. a5 Kf8 39. b4 Ke7 40. b5 Kd6 41. b6 axb6 42. a6 Ne6 43. a7 Nc7 44. Nb3 Bd7 45. Nxd4 Kc5 46. Ke3 b5 47. Bxb5 Bxb5 48. Ne6+ Kb6 49. Nxc7 Bc6 50. Ne8 Kxa7 51. Nxg7 Kb6 52. Nh5 f5 53. Ng3 Kc5 54. Nxf5 Bb7 55. Kf4 Kd5 56. Kg5 Ke6 57. f4 Be4 58. Nh6 Bc2 59. f5+ Ke7 60. h4 Bb1 61. Ng4 Kf7 62. Ne5+ Kg7 63. h5 h6+ 64. Kf4 Bc2 65. Ng4 Bd1 66. Kg3 Kf7 67. Nxh6+ Kf6 68. Kf4 Bxh5 69. Ng8+ Kf7 70. Nh6+ Kf6 71. Ng8+ Kf7 72. Kg5 Kxg8 73. Kxh5 Kf7 1/2-1/2

[Event "Winterthur op 9th"]
[Site "Winterthur"]
[Date "2009.10.03"]
[Round "1"]
[White "Sipos, Istvan"]
[Black "Kyas, Marcel"]
[Result "1-0"]
[WhiteElo "2482"]
[BlackElo "2119"]
[PlyCount "61"]
[EventDate "2009.10.03"]
[EventType "swiss"]
[EventRounds "9"]
[EventCountry "SUI"]
[SourceTitle "CBM 132 Extra"]
[Source "ChessBase"]
[SourceDate "2009.11.03"]
[SourceVersion "1"]
[SourceVersionDate "2009.11.03"]
[SourceQuality "1"]

1. e4 c5 2. Nf3 d6 3. d4 cxd4 4. Nxd4 Nf6 5. Nc3 a6 6. h3 e6 7. g4 d5 8. exd5 Nxd5 9. Nde2 Bb4 10. Bd2 Nc6 11. Bg2 Nb6 12. b3 0-0 13. 0-0 e5 14. Be3 Nd4 15. a3 Bc5 16. Ng3 Rb8 17. Nce4 Be7 18. c3 Nc6 19. Qxd8 Bxd8 20. Bc5 Re8 21. Rad1 Bc7 22. Nd6 Rd8 23. Ngf5 Bxf5 24. Nxf5 Nd7 25. Ne7+ Kh8 26. Nxc6 Nxc5 27. Nxd8 Bxd8 28. Rd5 Nxb3 29. Rfd1 Bg5 30. h4 Bxh4 31. Rb1 1-0

[Event "Pardubice Czech op-A"]
[Site "Pardubice"]
[Date "2009.07.28"]
[Round "5"]
[White "Lammers, Markus"]
[Black "Kyas, Marcel"]
[Result "1-0"]
[WhiteElo "2297"]
[BlackElo "2105"]
[PlyCount "91"]
[EventDate "2009.07.24"]
[EventType "swiss"]
[EventRounds "9"]
[EventCountry "CZE"]
[SourceTitle "CBM 131 Extra"]
[Source "ChessBase"]
[SourceDate "2009.09.03"]
[SourceVersion "2"]
[SourceVersionDate "2009.09.16"]
[SourceQuality "1"]

1. e4 e5 2. Nf3 Nc6 3. Bc4 Bc5 4. 0-0 Nf6 5. d3 a6 6. c3 Ba7 7. Bb3 0-0 8. Nbd2 d6 9. h3 Be6 10. Re1 Bxb3 11. Qxb3 Qd7 12. Nf1 h6 13. Be3 Rfe8 14. Rad1 Nd8 15. Nh4 Qe6 16. Qc2 c6 17. Nf5 d5 18. N1g3 Bxe3 19. Rxe3 Qd7 20. d4 exd4 21. Rxd4 Ne6 22. Rd1 Qc7 23. e5 Nd7 24. Nd6 Nxe5 25. Nxe8 Rxe8 26. Nf5 Kh8 27. Rde1 Nc4 28. R3e2 Kg8 29. Nd4 Qd7 30. Nxe6 fxe6 31. Qg6 Qf7 32. Qg4 h5 33. Qg3 Nb6 34. Qd6 Nc8 35. Qb8 Nb6 36. Qa7 Na8 37. Re5 g6 38. a4 Kh7 39. a5 Kg8 40. Rxe6 Rxe6 41. Qxa8+ Kg7 42. Rxe6 Qxe6 43. Qxb7+ Kh6 44. Qxa6 Qe1+ 45. Qf1 Qd2 46. Qa1 1-0